| 000 | 01071nam a2200229 i 4500 | ||
|---|---|---|---|
| 001 | 157834 | ||
| 003 | ES-MaACL | ||
| 005 | 20251014063226.0 | ||
| 008 | 931025s1829 sp |||| | spa d | ||
| 040 |
_aAS _bspa _cPAB |
||
| 100 | 1 |
_aLlaguno y Amírola, Eugenio, _d1724-1799 _972661 |
|
| 245 | 1 | 0 |
_aNoticias de los arquitectos y arquitectura de España desde su restauración / _cpor Eugenio Llaguno y Amirola ; ilustradas y acrecentadas con notas, adiciones y documentos por Juan Agustín Ceán-Bermudez... ; Tomo I [-Tomo IV]. |
| 260 |
_aMadrid : _bImprenta Real, _c1829. |
||
| 300 |
_a4 v. (XL, 380 ; 416 ; 440 ; 428 p.) ; _c22 cm. |
||
| 530 | _aDisponible en formato digital. | ||
| 650 | 4 |
_aArquitectura española- _vHistoria. _910020 |
|
| 650 | 0 | 4 |
_aArquitectos- _zEspaña. _99985 |
| 700 | 1 |
_aCeán Bermúdez, Juan Agustín, _d1749-1829 _9145557 |
|
| 852 |
_aES-MaACL _jR-3149-52 _x Olim:B-1378-81 _z-- Enc. pasta española |
||
| 856 |
_uhttp://bdh-rd.bne.es/viewer.vm?id=0000013547&page=1 _zBiblioteca Digital Hispánica |
||
| 999 |
_c157834 _d157834 |
||